Instrumentation in biosciences (Record no. 396716)

MARC details
000 -LEADER
fixed length control field 00549nam a2200217 4500
005 - DATE & TIME
control field 20260119103117.0
008 - FIXED-LENGTH DATA ELEMENTS--GENERAL INFORMATION
fixed length control field 260119b |||||||| |||| 00| 0 eng d
020 ## - ISBN
International Standard Book Number 9789389412543
Price Rs.3595.00
040 ## - CATALOGING SOURCE
Original cataloging agency VIVEKANANDA LIBRARY
082 ## - DDC NUMBER
Classification number 570.284
Book Number R246I
100 ## - MAIN ENTRY--PERSONAL NAME
Personal name Reddy, SM
245 ## - TITLE STATEMENT
Title Instrumentation in biosciences
260 ## - PUBLICATION, DISTRIBUTION, ETC. (IMPRINT)
Place of publication, distribution, etc Jodhpur
Name of publisher, distributor, etc Scientific Publishers
Date of publication, distribution, etc 2025
300 ## - PHYSICAL DESCRIPTION
Pages xiv, 334
650 ## - Subject
Subject Life Sciences
650 ## - Subject
Subject Biology
650 ## - Subject
Subject Analytical Instruments
700 ## - Added Entry Personal Name
Added Entry Personal Name Merugu, Ramchander
942 ## - ADDED ENTRY ELEMENTS (KOHA)
Koha item type Books

No items available.

© Designed and Maintained by Vivekananda Library, MDU Rohtak